01327nam a2200409 i 450000100060000000300090000600500170001500800390003201500170007102000150008803500230010303500360012603500140016203500200017603500230019603500440021904000280026308000110029108000110030210000390031324500470035226000520039930000350045133600270048633700540051333800280056738000160059538800140061138800140062565000200063965000170065965000130067665800340068965800510072371000450077485600980081929795KOSZ 00520200624092923.0970510s1993 pl a f |000 0 pol aUWD 1993/347 a8320809037 a991000800659705066 a(PL-WaBN)b10252265-48omnis_nlop ab10252265 a(OCoLC)69470741 a(PL)b0000001025226 a(EXLNZ-48OMNIS_NETWORK)9910108310005606 aWA NcWA NdKOSZ 005/EG a339.73 a(4-67)1 aKomar, Andrzejd(1933-2000)eAutor10aEuropejska unia walutowa /cAndrzej Komar. aWarszawa :bPańst. Wydaw. Ekonomiczne,c1993. a208, [4] s. :bwykr. ;c21 cm. aTekstbtxt2rdacontent aBez urządzenia pośredniczącegobn2rdamedia aWoluminbnc2rdacarrier aKsiążki a1901-2000 a1989-2000 7aPieniądz2DBN 7aFinanse2DBN 7aPolityka aGospodarka, ekonomia, finanse aPolityka, politologia, administracja publiczna2 aPaństwowe Wydawnictwo Ekonomiczne4pbl uhttp://koha.tu.koszalin.pl/cgi-bin/koha/opac-detail.pl?biblionumber=29795yKatalog online BPK